الايام الاخيرة من حكم الملك الظاهر محمد ابى سعيد حقمق ابن اياس

محفوظ في:

التنسيق: كتاب

اللغة: Undetermined

منشور في: Cairo IFAO 1951

الوسوم: إضافة وسم

لا توجد وسوم, كن أول من يضع وسما على هذه التسجيلة!

رقم الطلب: N23 JAKM

LEADER 00344nam a2200109Ia 4500
008 240404s9999||||xx |||||||||||||| ||und||
050 4 |a N23 JAKM 
245 1 0 |a الايام الاخيرة من حكم الملك الظاهر محمد ابى سعيد حقمق ابن اياس 
264 1 |a Cairo  |b IFAO  |c 1951 
300 |a 56  |c 24 
942 |2 lcc  |c BK 
999 |c 57944  |d 57944